000 00296 a2200121 4500
001 146647
040 _cEscola São Tomás de Aquino
100 _aFURLANI, Lúcia Maria Teixeira
240 1 0 _aTudo é possível
_lpor
245 1 0 _aTudo é possível
697 _a*LITERATURA INFANTO
942 _cBK
999 _c146647
_d146647